[Event "Coulsden op"]
[Site "Coulsden"]
[Date "1999.09.02"]
[Round "5"]
[White "Summerscale, Aaron"]
[Black "Naylor, John"]
[Result "1-0"]
[WhiteElo "2423"]
[BlackElo "2233"]

1.d4 e6 2.c4 d5 3.Nc3 c6 4.Nf3 Nf6 5.e3 Nbd7 6.a3 Bd6 7.b4 O-O 8.Bb2 Qe7
9.Qc2 dxc4 10.Bxc4 e5 11.Be2 Re8 12.O-O e4 13.Nd2 Nf8 14.b5 c5 15.dxc5 Bxc5
16.Ndxe4 Nxe4 17.Nxe4 Bxe3 18.Nf6+ gxf6 19.fxe3 Qxe3+ 20.Rf2 Be6 21.Bxf6 Nd7
22.Qc3 Qxc3 23.Bxc3 Rac8 24.Bd4 Bc4 25.Bh5 Re4 26.Bb2 Rce8 27.h3 Nc5 28.Rf5 Re1+
29.Kh2 Rxa1 30.Bxa1 b6 31.Bd4 Ne4 32.Bf3 h6 33.a4 Nd6 34.Rf6 Re6 35.Rxe6 Bxe6
36.Be5 Nc4 37.Bb8 Nb2 38.a5 Na4 39.Bxa7 bxa5 40.b6 Nc5 41.b7  1-0

[Event "EU-ch U18"]
[Site "Litohoto"]
[Date "1999.09.03"]
[Round "1"]
[White "Halkias, Alexandros"]
[Black "Pridorozhni, Aleksei"]
[Result "0-1"]
[WhiteElo "2033"]
[BlackElo "2325"]

1.d4 d5 2.c4 c6 3.Nc3 Nf6 4.e3 e6 5.Nf3 Nbd7 6.Qc2 Bd6 7.Bd3 dxc4 8.Bxc4 O-O
9.O-O e5 10.Rd1 Qe7 11.Bb3 h6 12.Nh4 Rd8 13.Nf5 Qf8 14.Nxd6 Qxd6 15.Ne4 Nxe4
16.Qxe4 Nc5 17.Qxe5 Qxe5 18.dxe5 Be6 19.Rf1 Bxb3 20.axb3 Nxb3 21.Ra3 Rd3
22.Bd2 a5 23.Bc3 a4 24.Rb1 b5 25.Kf1 Rxc3  0-1

[Event "EU-ch U14"]
[Site "Litohoto"]
[Date "1999.09.06"]
[Round "4"]
[White "Papa, Severin"]
[Black "Jeremic, Veljko"]
[Result "0-1"]
[WhiteElo "2132"]
[BlackElo "2240"]

1.d4 d5 2.c4 e6 3.Nc3 c6 4.e3 Nf6 5.Nf3 Nbd7 6.Qc2 Bd6 7.b3 O-O 8.Be2 Qe7
9.Bb2 Re8 10.O-O dxc4 11.bxc4 e5 12.a4 a6 13.Rab1 e4 14.Nd2 Nf8 15.c5 Bc7
16.Ba3 Ng6 17.Nc4 Bg4 18.Nd6 Bxe2 19.Qxe2 Bxd6 20.cxd6 Qd7 21.a5 Nh4 22.Na4 Qf5
23.Rxb7 Qg5  0-1

[Event "EU-ch U14"]
[Site "Litohoto"]
[Date "1999.09.07"]
[Round "5"]
[White "Maiorov, Nikita"]
[Black "Smeets, Jan"]
[Result "1/2-1/2"]
[WhiteElo "2148"]
[BlackElo "2193"]

1.d4 d5 2.c4 c6 3.Nf3 e6 4.e3 Nf6 5.Nc3 Nbd7 6.Qc2 Bd6 7.Bd3 O-O 8.O-O dxc4
9.Bxc4 e5 10.h3 Re8 11.a3 h6 12.Ba2 Qc7 13.dxe5 Nxe5 14.Nd4 Ned7 15.Nf5 Bf8
16.e4 Nc5 17.Ng3 Be6 18.Bxe6 Nxe6 19.f4 Nd4 20.Qd1 Rad8 21.e5 Nh7 22.Be3 Nf5
23.Qf3 Nxg3 24.Qxg3 Rd3 25.Rad1 Red8 26.Rxd3 Rxd3 27.Qe1 Be7 28.Qe2 Rd8 29.Bc1 Bc5+
30.Kh1 Bd4 31.Ne4 Nf8 32.Qg4 Ng6 33.e6 Nf8 34.f5 fxe6 35.fxe6 Re8 36.Rf7 Qe5
37.Nf6+ Qxf6 38.Rxf6 Bxf6 39.Qb4 Rxe6 40.Bd2 Re7 41.Bc3 Kf7 42.Bxf6 gxf6
43.Qg4 Ng6 44.Kh2 Ne5 45.Qc8 Kg7 46.Qd8 Rd7 47.Qe8 b5 48.Kg3 a5 49.h4 Rd3+
50.Kf4 Rd2 51.Kf5 Rxg2 52.Qe7+ Nf7 53.Qxf6+ Kf8 54.Qxc6 Rf2+ 55.Ke4 Rxb2
56.Qc8+ Ke7 57.Qc7+ Ke6 58.Qc8+ Ke7 59.Qb7+ Ke6 60.Qc8+ Ke7  1/2-1/2

[Event "EU-ch U18"]
[Site "Litohoto"]
[Date "1999.09.09"]
[Round "7"]
[White "Korobov, Anton"]
[Black "Kundin, Alexander"]
[Result "0-1"]
[WhiteElo "2336"]
[BlackElo "2403"]

1.d4 d5 2.c4 c6 3.Nc3 Nf6 4.e3 e6 5.Nf3 Nbd7 6.Qc2 Bd6 7.Bd3 dxc4 8.Bxc4 O-O
9.O-O a6 10.Rd1 b5 11.Be2 Qc7 12.e4 e5 13.g3 Re8 14.dxe5 Nxe5 15.Bg5 Nxf3+
16.Bxf3 Bg4 17.Bxg4 Nxg4 18.Rac1 h5 19.Qe2 Ne5 20.Be3 Rac8 21.Nd5 Qb8 22.Nb6 Rcd8
23.f4 Bc7 24.Rxd8 Rxd8 25.fxe5 Bxb6 26.Rxc6 Bxe3+ 27.Qxe3 Qxe5 28.Rc3 Rd4
29.Rc8+ Kh7 30.Qf3 Rd2 31.Kf1 Rxb2 32.Qxf7 Qxe4  0-1

[Event "CRO-chT"]
[Site "Pula"]
[Date "1999.09.10"]
[Round "2"]
[White "Loncar, Robert"]
[Black "Videki, Sandor"]
[Result "0-1"]
[WhiteElo "2429"]
[BlackElo "2445"]

1.d4 d5 2.c4 c6 3.e3 Nf6 4.Nc3 e6 5.Nf3 Nbd7 6.Bd3 dxc4 7.Bxc4 b5 8.Bd3 Bb7
9.e4 b4 10.e5 bxc3 11.exf6 cxb2 12.fxg7 bxa1=Q 13.gxh8=Q Qa5+ 14.Bd2 Qxd1+
15.Kxd1 Qa4+ 16.Bc2 Qxa2 17.Re1 Qa1+ 18.Ke2 Ba6+ 19.Bd3 Bxd3+ 20.Kxd3 Nc5+
21.Ke2 Qa6+ 22.Kd1 Qa4+ 23.Ke2 Qc4+ 24.Ke3 Qb3+ 25.Kf4 Nd3+ 26.Kg3 O-O-O
27.Qxh7 Bd6+ 28.Kh3 Nxe1 29.Bxe1 Qd5 30.Qxf7 Rh8+ 31.Kg4 Qe4+ 32.Kg5 Be7+  0-1

[Event "Artek olJ"]
[Site "Artek"]
[Date "1999.09.11"]
[Round "2"]
[White "Drozdovsky, Yuri"]
[Black "Raceanu, Valentin"]
[Result "1-0"]
[WhiteElo "2315"]
[BlackElo "2293"]

1.d4 d5 2.c4 c6 3.e3 Nf6 4.Nc3 e6 5.Nf3 Nbd7 6.Qc2 Bd6 7.Bd3 O-O 8.O-O Qe7
9.c5 Bc7 10.e4 dxe4 11.Bxe4 Nxe4 12.Nxe4 h6 13.Re1 Nf6 14.Bd2 Nxe4 15.Qxe4 Rd8
16.Bf4 Bxf4 17.Qxf4 b6 18.Ne5 Qc7 19.Qe4 bxc5 20.Qxc6 Qxc6 21.Nxc6 Rd6 22.Ne7+ Kf8
23.dxc5 Rd2 24.Nxc8 Rxc8 25.b4 a5 26.a3 axb4 27.axb4 Rd4 28.Rab1 Rb8 29.b5 Rc4
30.c6 Rc5 31.Red1 Ke7 32.Rd7+ Ke8 33.Rb7 Rc8 34.g3  1-0

[Event "POR-ch"]
[Site "Lisbon"]
[Date "1999.09.11"]
[Round "4"]
[White "Ferreira, Nelson"]
[Black "Silva, Antonio"]
[Result "1-0"]
[WhiteElo "2207"]
[BlackElo "2224"]

1.d4 Nf6 2.Nf3 d5 3.c4 c6 4.e3 e6 5.Nc3 Nbd7 6.Be2 dxc4 7.Bxc4 b5 8.Bd3 a6
9.a4 b4 10.Ne4 c5 11.Nxf6+ Nxf6 12.Qe2 Bb7 13.O-O cxd4 14.Rd1 Be7 15.Nxd4 O-O
16.Nf3 Qa5 17.e4 Rfd8 18.Nd2 Qh5 19.f3 Rac8 20.Nf1 Bc5+ 21.Be3 Qe5 22.Bxc5 Qxc5+
23.Qe3 Nd7 24.Kf2 Kf8 25.Rac1 Qxe3+ 26.Kxe3 Ne5 27.Rxc8 Bxc8 28.Rd2 a5 29.Bb5 Ke7
30.Rxd8 Kxd8 31.Kd4 Nd7 32.Bxd7 Bxd7 33.b3 Kc7 34.Kc5 e5 35.Nd2 f6 36.Nc4 f5
37.Nxa5 fxe4 38.fxe4 Be8 39.Nc4 Bc6 40.Nd2  1-0

[Event "CRO-chT"]
[Site "Pula"]
[Date "1999.09.11"]
[Round "3"]
[White "Feletar, Darko"]
[Black "Jusic, Zdenko"]
[Result "1/2-1/2"]
[WhiteElo "2411"]
[BlackElo "2387"]

1.d4 d5 2.Nf3 Nf6 3.c4 e6 4.Nc3 c6 5.e3 Nbd7 6.Bd3 dxc4 7.Bxc4 b5 8.Bd3 Bb7
9.e4 b4 10.Na4 c5 11.e5 Nd5 12.O-O cxd4 13.Nxd4 Nxe5 14.Bb5+ Nd7 15.Re1 Rc8
16.Qh5 g6 17.Qe5 Qf6 18.Nf3 Bg7 19.Bxd7+ Kxd7 20.Qe2 Qe7 21.Qb5+ Kc7 22.a3 Kb8
23.axb4 a6 24.Qa5 Qxb4 25.Qxb4 Nxb4 26.Bf4+ Ka7 27.Be3+ Kb8 28.Bf4+ Ka7 29.Be3+ Kb8
30.Bf4+  1/2-1/2

[Event "POR-ch"]
[Site "Lisbon"]
[Date "1999.09.12"]
[Round "5"]
[White "Rodrigues, Nuno"]
[Black "Rocha, Sergio"]
[Result "1/2-1/2"]
[WhiteElo "2141"]
[BlackElo "2427"]

1.d4 d5 2.c4 e6 3.Nc3 Nf6 4.Nf3 c6 5.e3 Nbd7 6.Qc2 Bd6 7.Bd3 dxc4 8.Bxc4 b5
9.Bd3 Bb7 10.O-O Qe7 11.Bd2 O-O 12.a3 e5 13.Rfe1 Rac8 14.Ng5 h6 15.Nge4 Bb8
16.b4 Nxe4 17.Bxe4 Nf6 18.Bf3 Rfe8 19.Ne4 Nd5 20.dxe5 Qxe5 21.g3 Qf5 22.Bg2 c5
23.bxc5 Nb6 24.Nf6+ Qxf6 25.Bxb7 Rc7 26.Bg2 Nc4 27.Bc3 Qe6 28.c6 a6 29.Bd4 Rxc6
30.Bxc6 Qxc6 31.Qc3 Qg6 32.Ra2 h5 33.a4 h4 34.axb5 axb5 35.Qc2 Qg4 36.Qe2 Qe4
37.f4 Rd8 38.Qg4 Rxd4 39.Qc8+ Kh7 40.Qxb8 Rd5 41.Qb7 Nd6 42.Qc6 f5 43.Qc2 Rd3
44.Qe2 Ne8 45.Qg2 Qe6 46.e4 hxg3 47.hxg3 fxe4 48.Qxe4+ Qxe4 49.Rxe4 Nf6 50.Re7 Nd5
51.Rd7 Rxg3+ 52.Kf2 Rd3 53.Raa7 Nxf4 54.Rxg7+ Kh6 55.Rgb7 Rb3 56.Ra5 Nd3+
57.Kf1 Rb1+ 58.Ke2 Nf4+ 59.Kd2 Rb2+ 60.Kc3 Re2 61.Raxb5 Ng6 62.Ra5  1/2-1/2

[Event "CRO-chT (Women)"]
[Site "Pula"]
[Date "1999.09.12"]
[Round "4"]
[White "Videkovic, Marina"]
[Black "Belamaric, Tanja"]
[Result "0-1"]
[WhiteElo "2019"]
[BlackElo "2186"]

1.d4 d5 2.Nf3 Nf6 3.c4 c6 4.Nc3 e6 5.e3 Nbd7 6.Bd3 dxc4 7.Bxc4 b5 8.Bd3 b4
9.Ne4 Nxe4 10.Bxe4 Bb7 11.O-O Nf6 12.Bc2 Be7 13.Re1 c5 14.Ba4+ Kf8 15.dxc5 Bxc5
16.Ne5 Qc7 17.Nd7+ Nxd7 18.Qxd7 Qxd7 19.Bxd7 Ke7 20.Ba4 Rhd8 21.e4 Bd4 22.Rb1 Rac8
23.a3 a5 24.axb4 axb4 25.h3 h6 26.g4 g5 27.h4 gxh4 28.Bxh6 Rg8 29.Bd1 h3
30.Bf4 Rc4 31.b3 Rcc8 32.g5  0-1

[Event "CRO-chT"]
[Site "Pula"]
[Date "1999.09.12"]
[Round "4"]
[White "Kurajica, Bojan"]
[Black "Feletar, Darko"]
[Result "1-0"]
[WhiteElo "2541"]
[BlackElo "2411"]

1.Nf3 Nf6 2.c4 c6 3.Nc3 d5 4.e3 e6 5.d4 Nbd7 6.Qc2 Bd6 7.Bd3 O-O 8.O-O Qe7
9.h3 h6 10.Re1 e5 11.cxd5 Nxd5 12.a3 Nxc3 13.bxc3 c5 14.e4 cxd4 15.cxd4 exd4
16.e5 Bc5 17.e6 fxe6 18.Rxe6 Qxe6 19.Bc4 Qxc4 20.Qxc4+ Rf7 21.Bf4 Nb6 22.Qb3 Kf8
23.Rc1 Be7 24.Bg3 Bf5 25.Nxd4 Rc8 26.Rxc8+ Bxc8 27.a4 Ke8 28.Nb5 Bd7 29.a5 Nc8
30.Nc7+ Kf8 31.Qxb7 Bc5 32.Qd5 Bb4 33.Qd4 Ba3 34.Nb5 Bc1 35.Qc5+ Ne7 36.Nd6 Bg5
37.Nxf7 Kxf7 38.Qxa7  1-0

[Event "Budapest FS09 IM-B"]
[Site "Budapest"]
[Date "1999.09.14"]
[Round "11"]
[White "Molander, Riku"]
[Black "Valenti, Giuseppe"]
[Result "1-0"]
[WhiteElo "2234"]
[BlackElo "2227"]

1.Nf3 Nf6 2.c4 e6 3.Nc3 d5 4.d4 c6 5.e3 Nbd7 6.Qc2 Bd6 7.Bd3 Qe7 8.O-O dxc4
9.Bxc4 e5 10.h3 h6 11.Bb3 Bc7 12.Re1 O-O 13.dxe5 Nxe5 14.Nxe5 Qxe5 15.f4 Qh5
16.e4 Qh4 17.Qf2 Qxf2+ 18.Kxf2 Nh5 19.Kf3 Re8 20.g4 Nf6 21.Be3 Nh7 22.Rad1 g5
23.f5 Nf6 24.Bc5 Nd7 25.Bd6 Ne5+ 26.Kg3 Bxd6 27.Rxd6 Kg7 28.Ne2 b6 29.Nd4 Bb7
30.Nf3 Nxf3 31.Kxf3 Rad8 32.Red1 Rxd6 33.Rxd6 c5 34.Bd5 Bxd5 35.Rxd5 Kf6
36.Rd6+ Ke5 37.Rd5+ Kf6 38.Ke3 Rc8 39.e5+ Kg7 40.Rd7 b5 41.e6  1-0

[Event "Artek olJ"]
[Site "Artek"]
[Date "1999.09.16"]
[Round "6"]
[White "Szymanski, Marcin"]
[Black "Haddad, Mohammed"]
[Result "0-1"]
[WhiteElo "2327"]
[BlackElo "2229"]

1.d4 d5 2.c4 e6 3.Nc3 c6 4.e3 Nf6 5.Nf3 Nbd7 6.Bd3 dxc4 7.Bxc4 b5 8.Be2 Bb7
9.O-O Be7 10.e4 b4 11.e5 Nd5 12.Ne4 O-O 13.Qc2 c5 14.dxc5 Rc8 15.Bd3 Kh8
16.Qe2 Nxc5 17.Nxc5 Rxc5 18.Qe4 g6 19.Bh6 Re8 20.Rac1 Rxc1 21.Rxc1 Ba8 22.Qe2 Bf8
23.Ng5 Qe7 24.Qf3 Bxh6 25.Nxf7+ Kg7  0-1

[Event "CRO-chT"]
[Site "Pula"]
[Date "1999.09.17"]
[Round "8"]
[White "Tkachiev, Vladislav"]
[Black "Pinter, Jozsef"]
[Result "1/2-1/2"]
[WhiteElo "2648"]
[BlackElo "2556"]

1.d4 Nf6 2.c4 e6 3.Nf3 d5 4.Nc3 c6 5.e3 Nbd7 6.Bd3 dxc4 7.Bxc4 b5 8.Bd3 Bb7
9.e4 b4 10.Na4 c5 11.e5 Nd5 12.Nxc5 Nxc5 13.dxc5 Bxc5 14.O-O h6 15.Nd2 O-O
16.Ne4 Bd4 17.Nd6 Bxe5 18.Nxb7 Qb6 19.Qh5 Bd4 20.Qf3  1/2-1/2

[Event "Donne Haas mem"]
[Site "Bonnevoie"]
[Date "1999.09.18"]
[Round "1"]
[White "Koerholz, Ludger"]
[Black "Nezar, Mustapha"]
[Result "1-0"]
[WhiteElo "2356"]
[BlackElo "2296"]

1.c4 c6 2.d4 d5 3.Nc3 Nf6 4.e3 e6 5.Nf3 Nbd7 6.Bd3 dxc4 7.Bxc4 b5 8.Bb3 a6
9.O-O Bb7 10.Qe2 c5 11.Rd1 b4 12.Na4 cxd4 13.Rxd4 Qb8 14.e4 e5 15.Qc4 exd4
16.Qxf7+ Kd8 17.Nxd4 Kc8 18.Be6 Qd6 19.Be3 Kb8 20.Nf5 Qc6 21.Rc1 Ne5 22.Rxc6 Nxf7
23.Rc1 Nd8 24.Bb3 Nxe4 25.Nb6 Nf6 26.Bf4+ Ka7 27.Be3 Kb8 28.Ba4 Ra7 29.Bf4+  1-0

[Event "Wch U20"]
[Site "Yerevan"]
[Date "1999.09.20"]
[Round "3"]
[White "Williams, Simon"]
[Black "Galkin, Alexander"]
[Result "0-1"]
[WhiteElo "2421"]
[BlackElo "2535"]

1.c4 e6 2.Nc3 d5 3.d4 c6 4.e3 Nf6 5.Nf3 Nbd7 6.Qc2 Bd6 7.Bd3 O-O 8.O-O dxc4
9.Bxc4 b5 10.Be2 Bb7 11.Rd1 Qb8 12.Ne4 Nxe4 13.Qxe4 c5 14.Qh4 Nf6 15.dxc5 Bxc5
16.b4 Be7 17.Bb2 a6 18.Ne5 Nd5 19.Qh5 Nf6 20.Qh3 Bd5 21.Bd3 h6 22.Ng4 Nxg4
23.Qxg4 e5 24.Qd7 Qb7 25.Qf5 e4 26.Bc2 Rfd8 27.a3 Rac8 28.Rac1 Rc4 29.Bb1 Be6
30.Qe5 Rxd1+ 31.Rxd1 Bf6 32.Rd8+ Kh7  0-1

[Event "Popel mem 2nd"]
[Site "Lvov"]
[Date "1999.09.22"]
[Round "1"]
[White "Maksimenko, Andrei"]
[Black "Mikhalchishin, Adrian"]
[Result "1/2-1/2"]
[WhiteElo "2515"]
[BlackElo "2552"]

1.d4 d5 2.c4 c6 3.Nf3 Nf6 4.Nc3 e6 5.e3 Nbd7 6.Bd3 dxc4 7.Bxc4 b5 8.Bd3 a6
9.e4 c5 10.e5 cxd4 11.Nxb5 axb5 12.exf6 Qb6 13.O-O gxf6 14.Qe2 b4 15.Rd1 Bc5  1/2-1/2

[Event "Wch U20 Girls"]
[Site "Yerevan"]
[Date "1999.09.23"]
[Round "6"]
[White "Krush, Irina"]
[Black "Matras, Agnieszka"]
[Result "1-0"]
[WhiteElo "2432"]
[BlackElo "2146"]

1.d4 d5 2.c4 c6 3.Nc3 Nf6 4.e3 e6 5.Nf3 Nbd7 6.Qc2 Bd6 7.b3 O-O 8.Be2 e5
9.cxd5 cxd5 10.Nb5 Bb4+ 11.Bd2 Bxd2+ 12.Nxd2 a6 13.dxe5 Nxe5 14.Nd4 Bg4 15.Bxg4 Nexg4
16.O-O Rc8 17.Qb2 Ne4 18.N2f3 Qf6 19.Rac1 Rxc1 20.Qxc1 Re8 21.Qc7 Qe7 22.Qf4 Ne5
23.Nxe5 Qxe5 24.Qxe5 Rxe5 25.Rc1 Kf8 26.f3 Nd6 27.Kf2 Ke7 28.Rc7+ Ke8 29.g4 Re7
30.Rc5 Re5 31.e4 Kd7 32.Ke3 Ne8 33.Nf5 g6 34.Ng3 Nf6 35.Kd4 Kd6 36.f4 Rxe4+
37.Nxe4+ dxe4 38.h3 Nd7 39.Rc8 Nb6 40.Rf8 e3 41.Kxe3 Nd5+ 42.Kf3 Ke6 43.Rh8 Nf6
44.Rb8  1-0

[Event "Wch U20"]
[Site "Yerevan"]
[Date "1999.09.24"]
[Round "7"]
[White "Pert, Nicholas"]
[Black "Lopez Martinez, Jose Manuel"]
[Result "0-1"]
[WhiteElo "2425"]
[BlackElo "2378"]

1.d4 d5 2.c4 c6 3.Nc3 Nf6 4.e3 e6 5.Nf3 Nbd7 6.Bd3 dxc4 7.Bxc4 b5 8.Bd3 a6
9.e4 c5 10.d5 c4 11.dxe6 fxe6 12.Bc2 Qc7 13.O-O Bb7 14.Qe2 Bd6 15.Nd4 Nf8
16.Kh1 O-O-O 17.Ndxb5 axb5 18.Nxb5 Qc6 19.Nxd6+ Qxd6 20.Qxc4+ Kb8 21.Qa4 N8d7
22.Be3 Nc5 23.Qa5 Ng4 24.g3 Nxe3 25.fxe3 Nxe4 26.Bxe4 Bxe4+ 27.Kg1 Bb7 28.Rac1 Rhf8
29.Rxf8 Rxf8 30.Qc5 Qxc5 31.Rxc5 Rd8 32.Rb5 Rd1+ 33.Kf2 Rd2+ 34.Kg1 Rg2+
35.Kf1 Rxh2 36.e4 Kc7 37.Rb4 h5 38.a4 h4 39.gxh4 Rxh4 40.Rc4+ Bc6  0-1

[Event "Asia-ch U20"]
[Site "Vung Tau City"]
[Date "1999.09.25"]
[Round "11"]
[White "Sashikiran, Krishnan"]
[Black "Yulianto, Erwin"]
[Result "1-0"]
[WhiteElo "2536"]
[BlackElo "2145"]

1.d4 d5 2.c4 c6 3.Nc3 Nf6 4.e3 e6 5.Nf3 Nbd7 6.Bd3 dxc4 7.Bxc4 b5 8.Bd3 Bb7
9.e4 b4 10.Na4 c5 11.e5 Nd5 12.dxc5 Qc7 13.O-O Nxc5 14.Nxc5 Bxc5 15.Bd2 h6
16.Rc1 Ke7 17.Rc4 Qb6 18.Rg4 Kf8 19.Qe2 Rd8 20.Rc1 Ne7 21.Rgc4 Bxf2+ 22.Qxf2 Qxf2+
23.Kxf2 Rxd3 24.Bxb4 Ke8 25.Bd6 Bxf3 26.gxf3  1-0

[Event "Wch U20 Girls"]
[Site "Yerevan"]
[Date "1999.09.25"]
[Round "8"]
[White "Slavina, Irina"]
[Black "Gasparian, Marinna"]
[Result "1-0"]
[WhiteElo "2295"]
[BlackElo "2075"]

1.Nf3 d5 2.c4 c6 3.d4 Nf6 4.Nc3 e6 5.e3 Bd6 6.Qc2 Nbd7 7.b3 e5 8.cxd5 Nxd5
9.Bb2 Nxc3 10.Bxc3 Qe7 11.Be2 e4 12.Nd2 Nf6 13.O-O O-O 14.Nc4 Bc7 15.Bb2 Re8
16.Ba3 Qe6 17.f4 exf3 18.Bxf3 Ng4 19.Bxg4 Qxg4 20.Bd6 Bxd6 21.Nxd6 Rxe3 22.Qf2 Re7
23.Nxf7 Be6 24.Ne5 Qg5 25.Rae1 Ree8 26.Nxc6 bxc6 27.Rxe6 Rf8 28.Qe2 Rxf1+
29.Qxf1 Qd2 30.Qf2 Qc3 31.Re3 Qb4 32.Re1 Rd8 33.h3 h6 34.Rd1 Rd5 35.Rc1 Rxd4
36.Rxc6 Rd1+ 37.Kh2 Qb8+ 38.g3 Qd8 39.Rc2 a5 40.Qe2 Rd4 41.Qe6+ Kh7 42.Qf5+ g6
43.Qf7+ Kh8 44.Qf2 Kh7 45.Re2 Rd7 46.Qf4 h5 47.h4 Qc7 48.Qc4 Qd8 49.b4 Rc7
50.Qe4 axb4 51.Qxb4 Qf6 52.a4 g5 53.Qa5 Rg7 54.Qc5 gxh4 55.Qxh5+ Qh6 56.Qf5+ Qg6
57.g4 Rf7 58.Qxg6+ Kxg6 59.Kh3 Ra7 60.Ra2 Kg5 61.a5 Ra6 62.Ra4 Rc6 63.Ra3 Ra6
64.Ra2 Ra7 65.a6 Kf4 66.Ra5  1-0

[Event "Alushta2"]
[Site "Alushta"]
[Date "1999.09.27"]
[Round "10"]
[White "Krivoshey, Sergei"]
[Black "Yagupov, Igor"]
[Result "0-1"]
[WhiteElo "2454"]
[BlackElo "2449"]

1.d4 d5 2.Nf3 Nf6 3.c4 c6 4.Nc3 e6 5.e3 Nbd7 6.Bd3 dxc4 7.Bxc4 b5 8.Be2 a6
9.e4 b4 10.e5 bxc3 11.exf6 Nxf6 12.bxc3 Bd6 13.Ne5 Qa5 14.O-O Bxe5 15.dxe5 Qxe5
16.Ba3 c5 17.Bf3 Ra7 18.Qa4+ Nd7 19.Qa5 Qc7 20.Qxc7 Rxc7 21.Rab1 Ke7 22.Rfe1 Rd8
23.Bc1 f6 24.Be4 Nf8 25.f4 Rd6 26.Be3 h6 27.Red1 Rxd1+ 28.Rxd1 Bd7 29.c4 Ba4
30.Rb1 Nd7 31.Bb7 Bc6 32.Bxa6 Ra7 33.Bb5 Bxb5 34.cxb5 Rxa2 35.b6 Ra8 36.b7 Rb8
37.Bf2 Kd6 38.g4 Kc6 39.Re1 e5 40.fxe5 Nxe5 41.Bg3 Rxb7 42.Bxe5 fxe5 43.Rxe5 Rf7
44.h4 Kd6 45.Re4 Kd5  0-1

[Event "Wch U20 Girls"]
[Site "Yerevan"]
[Date "1999.09.27"]
[Round "10"]
[White "Sheldon, Ruth"]
[Black "Tkeshelashvili, Sofia"]
[Result "0-1"]
[WhiteElo "2310"]
[BlackElo "2284"]

1.d4 d5 2.c4 c6 3.Nf3 Nf6 4.Nc3 e6 5.e3 Nbd7 6.Qc2 Bd6 7.Bd3 dxc4 8.Bxc4 O-O
9.O-O b5 10.Be2 Bb7 11.Rd1 Qe7 12.b3 a6 13.e4 e5 14.dxe5 Nxe5 15.Nd4 Bb8
16.Nf5 Qc7 17.g3 Bc8 18.Ba3 Re8 19.Bd6 Qa7 20.b4 Bxd6 21.Nxd6 Rf8 22.a4 Nfg4
23.Rf1 Qd4 24.Nxc8 Raxc8 25.Qb3 c5 26.axb5 cxb4 27.Nd5 Nxf2 28.Qxb4 Nc4 29.Rxf2 Qxa1+
30.Bf1 a5 31.Qb3 Rfe8 32.b6 Rxe4 33.Qf3 Nd6 34.b7 Rb8 35.Nc3 Re7 36.Rd2 Nxb7
37.Nd5 Re1 38.Ne3 Qc3 39.Rd3 Qxd3  0-1

[Event "Wch U20"]
[Site "Yerevan"]
[Date "1999.09.27"]
[Round "10"]
[White "Halkias, Stelios"]
[Black "Asrian, Karen"]
[Result "0-1"]
[WhiteElo "2406"]
[BlackElo "2575"]

1.d4 d5 2.c4 e6 3.Nc3 c6 4.e3 Nf6 5.Nf3 Nbd7 6.Qc2 Bd6 7.Bd3 O-O 8.O-O dxc4
9.Bxc4 b5 10.Be2 Bb7 11.a3 a5 12.e4 e5 13.dxe5 Nxe5 14.Nxe5 Bxe5 15.f4 Bd4+
16.Kh1 b4 17.e5 bxc3 18.bxc3 Bc5 19.exf6 Qxf6 20.Rb1 Ba6 21.Bxa6 Rxa6 22.a4 Ra7
23.f5 h6 24.Bf4 Re8 25.Qd3 Rae7 26.Rbd1 Re4 27.Qd7 Kh7 28.h3 Re2 29.Qd3 R8e4
30.Rd2 Re1 31.Rxe1 Rxe1+ 32.Kh2 Bg1+ 33.Kg3 h5 34.h4 Bh2+ 35.Kf2 Bxf4 36.Kxe1 Qxh4+
37.Kd1 Bxd2 38.Kxd2 Qf2+ 39.Kc1 Qg1+ 40.Kb2 Qxg2+ 41.Ka3 f6 42.Kb3 Qd5+ 43.Qxd5 cxd5  0-1

[Event "Alushta2"]
[Site "Alushta"]
[Date "1999.09.29"]
[Round "12"]
[White "Ovsejevitsch, Sergei"]
[Black "Yagupov, Igor"]
[Result "1/2-1/2"]
[WhiteElo "2515"]
[BlackElo "2449"]

1.d4 d5 2.c4 c6 3.Nf3 Nf6 4.Nc3 e6 5.e3 Nbd7 6.Qc2 Bd6 7.Bd3 O-O 8.O-O dxc4
9.Bxc4 a6 10.Rd1 Qe7 11.h3 b5 12.Be2 c5 13.dxc5 Nxc5 14.e4 Ncd7 15.Bg5 Ne5
16.Qd2 Nxf3+ 17.Bxf3 Be5 18.Bf4 Bxf4 19.Qxf4 e5 20.Qe3 Bb7 21.a3 Rac8 22.Rd2 Rfd8
23.Rad1 Rxd2 24.Rxd2 Kf8 25.Bd1  1/2-1/2

[Event "Wch U20"]
[Site "Yerevan"]
[Date "1999.09.29"]
[Round "12"]
[White "Janssen, Ruud"]
[Black "De Vreugt, Dennis"]
[Result "1/2-1/2"]
[WhiteElo "2448"]
[BlackElo "2398"]

1.d4 d5 2.c4 c6 3.Nc3 Nf6 4.e3 e6 5.Nf3 Nbd7 6.Bd3 dxc4 7.Bxc4 b5 8.Bd3 a6
9.e4 c5 10.d5 c4 11.dxe6 fxe6 12.Bc2 Qc7 13.O-O Bb7 14.Nd4 Nc5 15.Be3 e5
16.Nf3 Ncxe4 17.Nxe4 Nxe4 18.Re1 Rd8 19.Bd4 Bc5 20.Bxe4 Bxe4 21.Rxe4 Bxd4
22.Nxd4 O-O 23.Qd2 exd4 24.Rxd4 Rxd4 25.Qxd4 b4 26.Rc1 Rc8 27.g3 c3  1/2-1/2

[Event "SLO-ch"]
[Site "Kranj"]
[Date "1999.10.02"]
[Round "1"]
[White "Djurkovic, Maks"]
[Black "Kovac, Boris"]
[Result "0-1"]
[WhiteElo "2147"]
[BlackElo "2304"]

1.d4 d5 2.Nf3 c6 3.c4 Nf6 4.e3 e6 5.Nc3 Nbd7 6.Qc2 Be7 7.b3 Bb4 8.Bd2 Bxc3
9.Bxc3 Ne4 10.Bb2 Qa5+ 11.Nd2 f5 12.f3 Qxd2+ 13.Qxd2 Nxd2 14.Kxd2 O-O 15.Ba3 Re8
16.Bd3 g6 17.Bd6 b6 18.e4 dxe4 19.fxe4 Bb7 20.c5 fxe4 21.Bc4 b5 22.Be2 e5
23.Ke3 exd4+ 24.Kxd4 Nf6 25.a4 a6 26.Rhf1 Nd5 27.Rf2 Rad8 28.Raf1 e3 29.Rf7 Bc8
30.Ra7 Bf5 31.Bf3 e2 32.Re1 Nf4 33.g3 Ne6+ 34.Kc3 Nxc5 35.Bxc6 Re3+ 36.Kd4 Rxd6+
37.Kxe3 Rxc6 38.Rxe2 Re6+ 39.Kf2 Nd3+ 40.Kf3 Bg4+ 41.Kxg4 Rxe2 42.Rxa6 bxa4
43.bxa4 Rxh2 44.Ra7 Rh5 45.Kf3 Re5 46.g4 h6 47.a5 Re6 48.Rb7 Nc5 49.Rb5 Na6
50.Rb7 g5 51.Ra7 Kf8 52.Rb7 Ke8 53.Ra7 Kd8 54.Rb7 Nc7 55.Rb6 Rxb6 56.axb6 Nd5
57.Ke4 Nf6+ 58.Kf5 Nxg4  0-1

[Event "World Cities-ch 2nd"]
[Site "Shenyang"]
[Date "1999.10.06"]
[Round "5"]
[White "Tovsanaa, Nyamaa"]
[Black "Green, Peter"]
[Result "1-0"]
[WhiteElo "2347"]
[BlackElo "2269"]

1.d4 d5 2.Nf3 Nf6 3.c4 c6 4.e3 e6 5.Nc3 Bd6 6.Bd3 O-O 7.O-O Nbd7 8.e4 dxe4
9.Nxe4 Nxe4 10.Bxe4 Nf6 11.Bc2 h6 12.b3 Qa5 13.Bb2 Ba3 14.Bxa3 Qxa3 15.Ne5 Rd8
16.c5 Qb2 17.Qe2 Qa3 18.Nc4 Qa6 19.Rfd1 b6 20.Qf3 Qb7 21.Ne5 Bd7 22.g4 Be8
23.h4 Qe7 24.g5 hxg5 25.hxg5 Nd5 26.Qh5 g6 27.Qh4 f5 28.Kg2 Qg7 29.Rh1 Ne7
30.Rh3 bxc5 31.Rah1 Kf8 32.Qg3  1-0

[Event "World Cities-ch 2nd"]
[Site "Shenyang"]
[Date "1999.10.07"]
[Round "6"]
[White "Zhang Pengxiang"]
[Black "Yin Hao"]
[Result "1-0"]
[WhiteElo "2462"]
[BlackElo "2401"]

1.Nf3 Nf6 2.c4 e6 3.Nc3 d5 4.d4 c6 5.e3 Be7 6.Bd3 O-O 7.O-O Nbd7 8.b3 b6
9.Qc2 Bb7 10.Bb2 h6 11.Rad1 Rc8 12.Qe2 Qc7 13.e4 dxe4 14.Nxe4 Rfd8 15.Rfe1 Nxe4
16.Bxe4 Bf6 17.Ne5 Nxe5 18.dxe5 Bg5 19.c5 Be7 20.Bc2 Rxd1 21.Rxd1 Rd8 22.Rd6 bxc5
23.Qe4 Bxd6 24.exd6 Rxd6 25.Qh7+ Kf8 26.Qxg7+ Ke8 27.Bf6 Qa5 28.h4 Ba6 29.Kh2 Rd2
30.Qg8+ Kd7 31.Qxf7+ Kc8 32.Qxe6+ Kb7 33.Bf5 Qc7+ 34.Be5 Qd8 35.Bg3 Rxa2
36.Qxh6 c4 37.Qg7+ Ka8 38.bxc4 Bxc4 39.h5 Ra5 40.Qg6 Qd5 41.Qe8+  1-0

[Event "World Cities-ch 2nd"]
[Site "Shenyang"]
[Date "1999.10.07"]
[Round "7"]
[White "Barus, Cerdas"]
[Black "Filippov, Valerij"]
[Result "0-1"]
[WhiteElo "2465"]
[BlackElo "2605"]

1.d4 d5 2.c4 e6 3.Nc3 c6 4.e3 Nf6 5.Nf3 Nbd7 6.Bd3 dxc4 7.Bxc4 b5 8.Bd3 a6
9.e4 c5 10.d5 Qc7 11.Bc2 Bb7 12.O-O Bd6 13.dxe6 fxe6 14.Qe2 O-O-O 15.Bg5 h6
16.Bh4 g5 17.Bg3 Ne5 18.Rad1 Nxf3+ 19.Qxf3 Bxg3 20.fxg3 Rhf8 21.a3 Rd4 22.Rf2 Qe5
23.Rdf1 Rdd8 24.Qe2 Nd7 25.Rf3 Rf6 26.Bb1 Rdf8 27.Rd1 Nb8 28.Rfd3 Nc6 29.Qe3 Rd8
30.Rxd8+ Nxd8 31.Qd2 Nc6 32.Qd7+ Kb8 33.Rd6 c4  0-1

[Event "World Cities-ch 2nd"]
[Site "Shenyang"]
[Date "1999.10.08"]
[Round "9"]
[White "Wu Shaobin"]
[Black "Relange, Eloi"]
[Result "1-0"]
[WhiteElo "2496"]
[BlackElo "2452"]

1.d4 d5 2.c4 c6 3.Nf3 e6 4.e3 Nf6 5.Nc3 Nbd7 6.Qc2 Bd6 7.Bd3 O-O 8.O-O dxc4
9.Bxc4 e5 10.Bb3 Qe7 11.Bd2 h6 12.Nh4 Re8 13.Nf5 Qf8 14.Nxd6 Qxd6 15.Ne2 exd4
16.Nxd4 Ne4 17.Rad1 Qc5 18.Bc1 Qh5 19.a3 Nf8 20.f3 Nc5 21.Ba2 Be6 22.Bb1 Bd7
23.b4 Nce6 24.Nf5 Red8 25.h4 Nc7 26.Nd6 Rab8 27.Qf2 Ng6 28.e4 Be6 29.Nf5 Ne5
30.Qg3  1-0

[Event "Tatry op"]
[Site "Tatranska Lomnica"]
[Date "1999.10.08"]
[Round "7"]
[White "Jedlicka, Ales"]
[Black "Odler, Daniel"]
[Result "1-0"]
[WhiteElo "2238"]
[BlackElo "2159"]

1.d4 d5 2.c4 c6 3.Nf3 Nf6 4.Nc3 e6 5.e3 Nbd7 6.Bd3 dxc4 7.Bxc4 b5 8.Be2 a6
9.e4 b4 10.e5 bxc3 11.exf6 cxb2 12.fxg7 Bxg7 13.Bxb2 Qa5+ 14.Qd2 Qxd2+ 15.Kxd2 c5
16.Rhd1 Bb7 17.Ke1 cxd4 18.Bxd4 Bxd4 19.Rxd4 Ke7 20.Rb1 Bd5 21.a3 Rhg8 22.g3 Rab8
23.Rdb4 a5 24.Rb5 Bc6 25.R5b3 Bd5 26.Rb5 Bc6 27.R5b2 Be4 28.Rxb8 Rxb8 29.Rc1 Rb1
30.Rxb1 Bxb1 31.Kd2 Kd6 32.Ke3 Nb6 33.Kf4 f6 34.Nd2 e5+ 35.Kg4 Bc2 36.Kh5 Kc5
37.Kh6 e4 38.h4 Kd4 39.Nf1 Bd3 40.Bxd3 exd3 41.Kxh7 Nc4 42.Kg6 Ke4 43.Kxf6 Kf3
44.h5 Ke2 45.h6 Kxf1 46.h7 d2 47.h8=Q d1=Q 48.Qh1+ Ke2 49.Qxd1+ Kxd1 50.f4 Nd6
51.Ke6 Ne4 52.g4 Kc2 53.g5 Nxg5+ 54.fxg5 a4 55.g6 Kb2 56.g7 Kxa3 57.g8=Q Kb2
58.Qb8+ Kc2  1-0